000 00629nam a2200241Ia 4500
003 OSt
005 20221005073650.0
006 a|||||r|||| 00| 0
007 ta
008 221004b |||||||| |||| 00| 0 eng d
024 _a69774
037 _cTextual
040 _aCRL
_cCRL
_beng
041 _2eng
_aeng
082 _aX8(NW).2, N5
100 _aMittal Ashok
_9539342
245 0 _aCinema industry in India
_b Prioing and taxation
260 _aNew Delhi
_bIndus
_c1995
300 _a239p
_ccm.
650 _aECONOMICS
942 _hX8(NW).2, N5
_cTEXL
_2cc
999 _c981474
_d981474